| 000 | 00551nam a2200181Ia 4500 | ||
|---|---|---|---|
| 008 | 100920s9999 xx 000 0 und d | ||
| 082 |
_b83907 _a910 न 03 |
||
| 100 | _aमोरे पाटील रा. खा. | ||
| 245 | _aबोरबन. | ||
| 260 |
_bपांडुरंग देवमठ देवस्थान, बोरबन. _c2003 |
||
| 300 |
_a28 _bसाधी |
||
| 365 | _b15 | ||
| 520 | _aभू.प्र. | ||
| 630 | _aबोरबन. | ||
| 650 | _aभू.प्र. | ||
| 730 | _aबोरबन. | ||
| 942 | _cBOOK | ||
| 999 |
_c724509 _d724506 |
||